Statistics for Missing Countries

Click here to take the quiz!

General Stats

  • This quiz has been taken 31 times
  • The average score is 5 of 10

Answer Stats

HintAnswer% Correct
There is 12 in__ __ _ footChina
70%
My bus was due so _ ___ to the stopIran
60%
There was a fight in my local Chinese restaurant and someone else's r___ ___ed on my plateIceland
60%
Tomorrow it's my birthday and i will__ ___e years oldBenin
57%
My doctor gave me some medicine and told me it relieve_ _____Spain
57%
The Queen has more than o__ ___aceNepal
53%
My friend Em__ __ves hereMali
47%
Sorry I am late I have __ __Togo
40%
My manager can't co__ __nning the departmentPeru
40%
___ _nd rye are amongst main ingredients of whiskeyMalta
10%

Score Distribution

Percentile by Number Answered

Percent of People with Each Score

Your Score History

You have not taken this quiz